<?xml version="1.0" encoding="UTF-8"?>
<record
    xmlns:xsi="http://www.w3.org/2001/XMLSchema-instance"
    xsi:schemaLocation="http://www.loc.gov/MARC21/slim http://www.loc.gov/standards/marcxml/schema/MARC21slim.xsd"
    xmlns="http://www.loc.gov/MARC21/slim">

  <leader>09048nam a2200553 i 4500</leader>
  <controlfield tag="003">KOSZ 005</controlfield>
  <controlfield tag="005">20260204110334.0</controlfield>
  <controlfield tag="008">260204s2025    pl a|||f m||| 00| 0 pol d</controlfield>
  <datafield tag="040" ind1=" " ind2=" ">
    <subfield code="a">KOSZ 005/EG</subfield>
    <subfield code="c">KOSZ 005/EG</subfield>
  </datafield>
  <datafield tag="041" ind1=" " ind2=" ">
    <subfield code="a">pol</subfield>
    <subfield code="b">eng</subfield>
  </datafield>
  <datafield tag="046" ind1=" " ind2=" ">
    <subfield code="a">2026</subfield>
  </datafield>
  <datafield tag="080" ind1=" " ind2=" ">
    <subfield code="a">004.35</subfield>
  </datafield>
  <datafield tag="080" ind1=" " ind2=" ">
    <subfield code="a">528.2/.4</subfield>
  </datafield>
  <datafield tag="080" ind1=" " ind2=" ">
    <subfield code="a">681.58</subfield>
  </datafield>
  <datafield tag="084" ind1=" " ind2=" ">
    <subfield code="a">310000</subfield>
  </datafield>
  <datafield tag="100" ind1="1" ind2=" ">
    <subfield code="a">Stalowska, Paulina</subfield>
    <subfield code="e">Autor</subfield>
    <subfield code="9">8065</subfield>
  </datafield>
  <datafield tag="245" ind1="1" ind2="0">
    <subfield code="a">Analiza defekt&#xF3;w powierzchniowych wybranych obiekt&#xF3;w budowlanych z wykorzystaniem technologii naziemnego skaningu laserowego :
</subfield>
    <subfield code="b">rozprawa doktorska /</subfield>
    <subfield code="c">Paulina Stalowska; Politechnika Koszali&#x144;ska. Wydzia&#x142; In&#x17C;ynierii L&#x105;dowej, &#x15A;rodowiska i Geodezji. Szko&#x142;a Doktorska Politechniki Koszali&#x144;skiej.</subfield>
  </datafield>
  <datafield tag="246" ind1="3" ind2="0">
    <subfield code="a">Analysis of surface defects of selected building structures utilizing terrestrial laser scanning technology</subfield>
  </datafield>
  <datafield tag="260" ind1=" " ind2=" ">
    <subfield code="a">Koszalin :</subfield>
    <subfield code="b">[s.n.],</subfield>
    <subfield code="c">2025.</subfield>
  </datafield>
  <datafield tag="300" ind1=" " ind2=" ">
    <subfield code="a">92, [81] strony :</subfield>
    <subfield code="b">ilustracje ;</subfield>
    <subfield code="c">30 cm +</subfield>
    <subfield code="e">1 dysk optyczny (CD ROM) ; 3 recenzje.</subfield>
  </datafield>
  <datafield tag="336" ind1=" " ind2=" ">
    <subfield code="2">rdacontent</subfield>
    <subfield code="a">Tekst</subfield>
    <subfield code="b">txt</subfield>
  </datafield>
  <datafield tag="337" ind1=" " ind2=" ">
    <subfield code="2">rdamedia</subfield>
    <subfield code="a">Bez urz&#x105;dzenia po&#x15B;rednicz&#x105;cego</subfield>
    <subfield code="b">n</subfield>
  </datafield>
  <datafield tag="337" ind1=" " ind2=" ">
    <subfield code="2">rdamedia</subfield>
    <subfield code="a">Komputer</subfield>
    <subfield code="b">c</subfield>
  </datafield>
  <datafield tag="338" ind1=" " ind2=" ">
    <subfield code="2">rdacarrier</subfield>
    <subfield code="a">Wolumin</subfield>
    <subfield code="b">nc</subfield>
  </datafield>
  <datafield tag="338" ind1=" " ind2=" ">
    <subfield code="2">rdacarrier</subfield>
    <subfield code="a">Dysk komputerowy</subfield>
    <subfield code="b">cd</subfield>
  </datafield>
  <datafield tag="500" ind1=" " ind2=" ">
    <subfield code="a">Druk jednostronny.</subfield>
  </datafield>
  <datafield tag="502" ind1=" " ind2=" ">
    <subfield code="a">Rozprawa doktorska. Politechnika Koszali&#x144;ska. 2025.</subfield>
  </datafield>
  <datafield tag="504" ind1=" " ind2=" ">
    <subfield code="a">Bibliografia na stronach 83-92.</subfield>
  </datafield>
  <datafield tag="506" ind1=" " ind2=" ">
    <subfield code="a">Dost&#x119;pne online na zasadzie licencji Creative Commons wersja CC BY-NC 4.0.</subfield>
  </datafield>
  <datafield tag="508" ind1=" " ind2=" ">
    <subfield code="a">Promotor Czes&#x142;aw Suchocki. Autorzy recenzji : Artur Janowski, Miko&#x142;aj Mi&#x15B;kiewicz, Przemys&#x142;aw Le&#x144;.</subfield>
  </datafield>
  <datafield tag="520" ind1=" " ind2=" ">
    <subfield code="a">Monitoring stanu technicznego wszelkich obiekt&#xF3;w budowlanych odgrywa kluczow&#x105; rol&#x119; w zapewnieniu ich trwa&#x142;o&#x15B;ci i bezpiecze&#x144;stwa. Nowoczesne technologie s&#x105; nieustannie testowane pod k&#x105;tem ich skuteczno&#x15B;ci w realizacji zada&#x144; i sprostaniu wyzwaniom stawianym przez bran&#x17C;e takie jak in&#x17C;ynieria l&#x105;dowa, energetyka i wiele innych. W ramach programu badawczego realizowanego w pracy doktorskiej skoncentrowano si&#x119; na badaniach mo&#x17C;liwo&#x15B;ci i ogranicze&#x144; technologii nieziemnego skaningu laserowego (TLS) w wykrywaniu i analizie zmian powierzchniowych wybranych obiekt&#xF3;w budowlanych. W kontek&#x15B;cie przeprowadzonych bada&#x144;, zmiany powierzchniowe rozumiane s&#x105; jako defekty powierzchni takie jak p&#x119;kni&#x119;cia, ubytki i inne nieci&#x105;g&#x142;o&#x15B;ci struktury powierzchniowej badanego obiektu. Wczesne wykrywanie defekt&#xF3;w oraz monitorowanie stopnia ich degradacji jest niezwykle istotne, poniewa&#x17C; umo&#x17C;liwia podj&#x119;cie dzia&#x142;a&#x144; naprawczych na wczesnym etapie. Dzi&#x119;ki szybkiej reakcji mo&#x17C;na zapobiec powa&#x17C;nym uszkodzeniom, zwi&#x119;kszy&#x107; bezpiecze&#x144;stwo u&#x17C;ytkowania oraz zminimalizowa&#x107; koszty zwi&#x105;zane z remontami i utrzymaniem obiektu. Badania zosta&#x142;y zrealizowane w dw&#xF3;ch g&#x142;&#xF3;wnych obszarach. Pierwszy etap programu badawczego koncentrowa&#x142; si&#x119; na wykorzystaniu technologii TLS do detekcji i analizy p&#x119;kni&#x119;&#x107; w powierzchni &#x15B;cian obiekt&#xF3;w budowlanych. Zbadano potencja&#x142; zar&#xF3;wno informacji geometrycznej, jak i radiometrycznej chmury punkt&#xF3;w. Wyniki bada&#x144; przeprowadzonych w ramach tego etapu zosta&#x142;y przedstawione w trzech publikacjach: P1, P2 i P3.
Badania zaprezentowane w publikacji P1 pozwoli&#x142;y na opracowanie metodyki pomiaru technologi&#x105; TLS w kontek&#x15B;cie detekcji p&#x119;kni&#x119;&#x107; na powierzchniach &#x15B;cian obiekt&#xF3;w budowlanych, z uwzgl&#x119;dnieniem parametr&#xF3;w technicznych skanera oraz warunk&#xF3;w geometrycznych pomiaru, takich jak odleg&#x142;o&#x15B;&#x107; od obiektu pomiarowego oraz k&#x105;t padania wi&#x105;zki lasera. Testy przeprowadzono dla dwudziestu r&#xF3;&#x17C;nych warunk&#xF3;w pomiarowych, dla kt&#xF3;rych to uzyskano r&#xF3;&#x17C;n&#x105; skuteczno&#x15B;&#x107;. Szczeg&#xF3;&#x142;owe analizy pozwoli&#x142;y opracowa&#x107; wytyczne dotycz&#x105;ce optymalnych warunk&#xF3;w pomiarowych do efektywnego wykrywania p&#x119;kni&#x119;&#x107;. Kolejna cz&#x119;&#x15B;&#x107; bada&#x144; i weryfikacja opracowanej metodyki na rzeczywistych obiektach budowlanych potwierdzi&#x142;a jej poprawno&#x15B;&#x107;. Publikacja P2 obejmuje udost&#x119;pnienie danych uzyskanych w ramach bada&#x144; przedstawionych w P1 w systemie Mendeley oraz raportu z przeprowadzonych bada&#x144;. Jej celem jest upowszechnienie danych dla dalszych bada&#x144; oraz umo&#x17C;liwienie analizy uzyskanych wynik&#xF3;w. W ramach podj&#x119;tej tematyki przeprowadzono tak&#x17C;e badania dodatkowe, kt&#xF3;re rozszerzy&#x142;y wiedz&#x119; zdobyt&#x105; w badaniach podstawowych przedstawionych w P1. Uzyskane wyniki bada&#x144; uzupe&#x142;niaj&#x105;cych zosta&#x142;y zaprezentowane w publikacji P3. Pierwsze z nich weryfikuj&#x105; mo&#x17C;liwo&#x15B;ci zastosowania informacji radiometrycznej chmury punkt&#xF3;w do detekcji rys. Drugie odnosz&#x105; si&#x119; do wp&#x142;ywu warunk&#xF3;w pomiarowych, takich jak odleg&#x142;o&#x15B;&#x107; od obiektu i k&#x105;t padania wi&#x105;zki lasera w p&#x142;aszczy&#x17A;nie pionowej, na jako&#x15B;&#x107; uzyskiwanych danych w kontek&#x15B;cie detekcji p&#x119;kni&#x119;&#x107;. Wyniki wskaza&#x142;y nowe mo&#x17C;liwo&#x15B;ci, ale te&#x17C; ograniczenia technologii TLS, co pozwoli&#x142;o na sformu&#x142;owanie dodatkowych zalece&#x144; dotycz&#x105;cych warunk&#xF3;w pomiarowych dla efektywnej detekcji p&#x119;kni&#x119;&#x107;.  Drugi etap programu badawczego koncentrowa&#x142; si&#x119; na zastosowaniu technologii TLS do wykrywania i identyfikacji zmian powierzchniowych &#x142;opat turbin wiatrowych. Badania skupia&#x142;y si&#x119; przede wszystkim na defektach najcz&#x119;&#x15B;ciej wyst&#x119;puj&#x105;cych na &#x142;opatach, takich jak p&#x119;kni&#x119;cia, oznaki erozji oraz ubytki i przetarcia w pow&#x142;oce. Defekty te mog&#x105; mie&#x107; istotny wp&#x142;yw na obni&#x17C;enie wydajno&#x15B;ci turbin poniewa&#x17C; zak&#x142;&#xF3;caj&#x105; ich aerodynamik&#x119;, co prowadzi do zmniejszenia wydajno&#x15B;ci produkcji energii. W ramach badania analizowano r&#xF3;wnie&#x17C; czy dosz&#x142;o do uszkodzenia systemu ochrony odgromowej montowanego na &#x142;opatach. Zaniedbanie jego stanu mo&#x17C;e zwi&#x119;ksza&#x107; ryzyko awarii spowodowanej uderzeniem pioruna i obni&#x17C;a&#x107; bezpiecze&#x144;stwo pracy turbiny. Diagnoza stanu technicznego systemu ochrony odgromowej jest zatem kluczowa dla zapewnienia ci&#x105;g&#x142;o&#x15B;ci pracy turbin. Wyniki bada&#x144; przeprowadzonych w ramach tego etapu zosta&#x142;y przedstawione w dw&#xF3;ch publikacjach: P4 oraz P5.
W publikacji P4 przedstawiono badania podstawowe, kt&#xF3;rych celem by&#x142;o zbadanie potencja&#x142;u technologii TLS do detekcji defekt&#xF3;w &#x142;opat turbin wiatrowych. Prace badawcze zosta&#x142;y podzielone na dwa etapy. W kluczowym, pierwszym etapie, z bezpo&#x15B;rednim dost&#x119;pem do &#x142;opat, wykazano, &#x17C;e dane radiometryczne chmury punkt&#xF3;w umo&#x17C;liwiaj&#x105; detekcj&#x119; najpowszechniej wyst&#x119;puj&#x105;cych defekt&#xF3;w, takich jak ubytki czy oznaki erozji. Nast&#x119;pnie opracowano i zweryfikowano dwie r&#xF3;&#x17C;ne metodyki pomiarowe. Przeprowadzono gruntowne analizy pod k&#x105;tem efektywno&#x15B;ci i aspekt&#xF3;w finansowych obydwu podej&#x15B;&#x107;, co pozwoli&#x142;o na wskazanie lepszej procedury skanowania &#x142;opat w kontek&#x15B;cie detekcji ich defekt&#xF3;w.
Badania zaprezentowane w publikacji P5 stanowi&#x105; rozwini&#x119;cie bada&#x144; podstawowych z publikacji P4. Przeprowadzono badania uzupe&#x142;niaj&#x105;ce wykazuj&#x105;ce wp&#x142;yw k&#x105;ta padania wi&#x105;zki lasera w p&#x142;aszczy&#x17A;nie pionowej oraz wp&#x142;yw d&#x142;ugo&#x15B;ci fali wi&#x105;zki lasera na jako&#x15B;&#x107; danych radiometrycznych i mo&#x17C;liwo&#x15B;&#x107; wykrywania zmian powierzchniowych. G&#x142;&#xF3;wnym celem tego etapu by&#x142;a szczeg&#xF3;&#x142;owa analiza por&#xF3;wnawcza technologii TLS z fotogrametri&#x105;, kt&#xF3;ra obecnie jest wiod&#x105;c&#x105; metod&#x105; pomiarow&#x105; w tym zagadnieniu. Badania wykaza&#x142;y, czy dane radiometryczne chmury punkt&#xF3;w mog&#x105; stanowi&#x107; konkurencyjn&#x105; alternatyw&#x119;, dostarczaj&#x105;c wyniki por&#xF3;wnywalne z fotogrametri&#x105;. Przeprowadzone analizy wskaza&#x142;y mo&#x17C;liwo&#x15B;ci oraz ograniczenia technologii TLS w detekcji zmian powierzchniowych &#x142;opat, wskazuj&#x105;c tak&#x17C;e kierunki dalszych bada&#x144; i analiz nad wykorzystaniem tej technologii w podj&#x119;tym problemie badawczym. Program badawczy pracy doktorskiej dostarcza nowej, wszechstronnej wiedzy dotycz&#x105;cej zastosowania technologii TLS w detekcji zmian powierzchniowych obiekt&#xF3;w budowlanych. W szczeg&#xF3;lno&#x15B;ci skupiono si&#x119; na p&#x119;kni&#x119;ciach powierzchni &#x15B;cian budynk&#xF3;w oraz defektach powierzchniowych &#x142;opat turbin wiatrowych. Innowacyjno&#x15B;&#x107; bada&#x144; polega na
sformu&#x142;owaniu kluczowych wniosk&#xF3;w dotycz&#x105;cych optymalizacji warunk&#xF3;w pomiarowych w detekcji p&#x119;kni&#x119;&#x107; przy u&#x17C;yciu technologii TLS, a tak&#x17C;e na nowatorskim zastosowaniu TLS w bran&#x17C;y energii wiatrowej. Niniejsze badania wyr&#xF3;&#x17C;nia du&#x17C;e znaczenie aplikacyjne. Przeprowadzony program badawczy przyczyni&#x142; si&#x119; do znacz&#x105;cego rozwoju i udoskonalenia metod monitorowania stanu technicznego obiekt&#xF3;w budowlanych. </subfield>
  </datafield>
  <datafield tag="546" ind1=" " ind2=" ">
    <subfield code="a">Streszczenie w j&#x119;zyku polskim i angielskim.</subfield>
  </datafield>
  <datafield tag="653" ind1=" " ind2="4">
    <subfield code="a">Skanery pomiarowe</subfield>
  </datafield>
  <datafield tag="653" ind1=" " ind2="4">
    <subfield code="a">Naziemny skaning laserowy</subfield>
  </datafield>
  <datafield tag="653" ind1=" " ind2="4">
    <subfield code="a">Technologia TLS</subfield>
  </datafield>
  <datafield tag="653" ind1=" " ind2="4">
    <subfield code="a">Detekcja defekt&#xF3;w powierzchniowych</subfield>
  </datafield>
  <datafield tag="653" ind1=" " ind2="4">
    <subfield code="a">Analiza p&#x119;kni&#x119;&#x107;</subfield>
  </datafield>
  <datafield tag="653" ind1=" " ind2="4">
    <subfield code="a">&#x141;opaty turbin wiatrowych</subfield>
  </datafield>
  <datafield tag="655" ind1=" " ind2="0">
    <subfield code="a">Rozprawa doktorska</subfield>
    <subfield code="9">7494</subfield>
  </datafield>
  <datafield tag="658" ind1=" " ind2=" ">
    <subfield code="a">In&#x17C;ynieria i technika</subfield>
  </datafield>
  <datafield tag="700" ind1="1" ind2=" ">
    <subfield code="a">Suchocki, Czes&#x142;aw</subfield>
    <subfield code="e">Promotor</subfield>
    <subfield code="9">8066</subfield>
  </datafield>
  <datafield tag="700" ind1="1" ind2=" ">
    <subfield code="a">Janowski, Artur</subfield>
    <subfield code="e">Recenzja</subfield>
    <subfield code="9">8067</subfield>
  </datafield>
  <datafield tag="700" ind1="1" ind2=" ">
    <subfield code="a">Mi&#x15B;kiewicz, Miko&#x142;aj</subfield>
    <subfield code="e">Recenzja</subfield>
    <subfield code="9">8068</subfield>
  </datafield>
  <datafield tag="700" ind1="1" ind2=" ">
    <subfield code="a">Le&#x144;, Przemys&#x142;aw</subfield>
    <subfield code="e">Recenzja</subfield>
    <subfield code="9">8069</subfield>
  </datafield>
  <datafield tag="710" ind1=" " ind2=" ">
    <subfield code="a">Wydzia&#x142; In&#x17C;ynierii L&#x105;dowej, &#x15A;rodowiska i Geodezji (Politechnika Koszali&#x144;ska)</subfield>
    <subfield code="9">7520</subfield>
  </datafield>
  <datafield tag="710" ind1=" " ind2=" ">
    <subfield code="a">Szko&#x142;a Doktorska (Politechnika Koszali&#x144;ska)</subfield>
    <subfield code="9">8042</subfield>
  </datafield>
  <datafield tag="942" ind1=" " ind2=" ">
    <subfield code="2">UKD</subfield>
    <subfield code="c">DOK</subfield>
  </datafield>
  <datafield tag="999" ind1=" " ind2=" ">
    <subfield code="c">10733</subfield>
    <subfield code="d">10733</subfield>
  </datafield>
  <datafield tag="952" ind1=" " ind2=" ">
    <subfield code="0">0</subfield>
    <subfield code="1">0</subfield>
    <subfield code="3">CD ROM, 3 recenzje</subfield>
    <subfield code="4">0</subfield>
    <subfield code="7">1</subfield>
    <subfield code="a">BPK</subfield>
    <subfield code="b">BPK</subfield>
    <subfield code="c">i</subfield>
    <subfield code="d">2026-02-04</subfield>
    <subfield code="i">RD 281</subfield>
    <subfield code="l">0</subfield>
    <subfield code="o">RD 281</subfield>
    <subfield code="p">09200166</subfield>
    <subfield code="r">2026-02-04 11:01:02</subfield>
    <subfield code="w">2026-02-04</subfield>
    <subfield code="y">DOK</subfield>
  </datafield>
</record>
